000 00878nac a22002417a 4500
001 BR8403372
003 BR-BrBNA
005 20240105120047.0
008 230509b bl.|||m| |||| 00| 0 por d
040 _aBR-BrBNA
_bpor
_cBiblioteca Nacional de Agricultura
072 _aP10
090 _a4630 BR8403372
110 1 _aEmpresa Brasileira de Assistencia Tecnica e Extensao Rural, Brasilia, DF (Brasil)
245 1 _aTratamento da agua; filtro de areia para purificar agua (2)
_bNutricao, higiene e saude
260 3 _aBrasilia, DF (Brasil):
_c1984.
300 _a3 p.
490 _aFichario de Tecnologias Adaptadas - Empresa Brasileira de Assistencia Tecnica e Extensao Rural (Brazil)
_vv. 18(402)
_x
650 _aTRATAMENTO DA AGUA
650 _aFILTRO
650 _aTECNOLOGIA APROPRIADA
909 _a202312
_bLúcia Elande
_c55
_dLúcia Elande
942 _2AGRIS
_n0
_cMS
999 _c277748
_d277748